Fundamentals of aerodynamics . In si units (Record no. 576204)

000 -LEADER
fixed length control field 00506nam a22001937a 4500
003 - CONTROL NUMBER IDENTIFIER
control field CEME
005 - DATE AND TIME OF LATEST TRANSACTION
control field 20210628204108.0
008 - FIXED-LENGTH DATA ELEMENTS--GENERAL INFORMATION
fixed length control field 210112b xxu||||| |||| 00| 0 eng d
020 ## - INTERNATIONAL STANDARD BOOK NUMBER
International Standard Book Number 9780070700123
040 ## - CATALOGING SOURCE
Transcribing agency ceme
082 ## - DEWEY DECIMAL CLASSIFICATION NUMBER
Classification number 629.1323 AND
100 ## - MAIN ENTRY--PERSONAL NAME
Personal name Anderson, John.D
9 (RLIN) 1520
245 ## - TITLE STATEMENT
Title Fundamentals of aerodynamics . In si units
250 ## - EDITION STATEMENT
Edition statement 5TH
260 ## - PUBLICATION, DISTRIBUTION, ETC.
Place of publication, distribution, etc. NEW DELHI
Name of publisher, distributor, etc. TATA MCGRAW HILL
Date of publication, distribution, etc. 2012
300 ## - PHYSICAL DESCRIPTION
Extent XXIV, 1034P
650 ## - SUBJECT ADDED ENTRY--TOPICAL TERM
Topical term or geographic name entry element AERODYNAMICS-FUNDAMENTALS.
9 (RLIN) 68717
942 ## - ADDED ENTRY ELEMENTS (KOHA)
Koha item type Book
Source of classification or shelving scheme
Holdings
Withdrawn status Lost status Damaged status Not for loan Permanent Location Current Location Shelving location Date acquired Total Checkouts Total Renewals Full call number Barcode Checked out Date last seen Date last checked out Price effective from Koha item type
        College of Electrical & Mechanical Engineering (CEME) College of Electrical & Mechanical Engineering (CEME) General Stacks 08/02/2017 2 1 629.1323 AND CEME-46721 02/05/2026 11/15/2025 11/15/2025 06/28/2021 Book
© 2023 Central Library, National University of Sciences and Technology. All Rights Reserved.